00186 a2200073 45000010005000001000012000052450076000172600019000937016 aShahane aSolution of university problems in electrical engineering :for 1st year abAllies ponc